Tilastot visalle Yleistieto #13

Klikkaa tästä pelataksesi tätä visaa!

Yleistilastot

  • Tätä visaa on pelattu 839 kertaa
  • Keskiarvotulos 9 / 15

Vastaustilastot

VinkkiVastaus% Oikein
Mikä on Pohjoismaiden suurin kaupunki?Tukholma
96%
Mikä on Turkin pääkaupunki?Ankara
91%
Missä kaupungissa se järjestetään?Turussa
85%
Mikä on Suomen vanhin rockfestivaali?Ruisrock
81%
Minkä kaupungin kaupunginosia ovat Pispala, Lielahti ja Nekala?Tampereen
81%
Mikä on Oulun ruotsinkielinen nimi?Uleåborg
74%
^Missä kaupungissa se sijaitsee?Barcelonassa
65%
Kuka on kaikkien janoisten sankari?Kari Grandi
59%
Kenen kesähitti on "Jäätelökesä?Maaritin
52%
Mikä bändi tuli kuuluisaksi levytettyään Metallican kappaleita sovitettuna sellolle?Apocalyptica
51%
Kuka on ohjannut elokuvat "E.T.", "Schindlerin Lista" ja "Tappaja Hai"?Steven Spielberg
45%
Missä järjestettiin 2008 kesäolympialaiset?Pekingissä
42%
Mikä on Tanskan toiseksi suurin kaupunki?Århus
33%
Mikä on Viron toiseksi suurin saari?Hiidenmaa
31%
Kuka on suunnitellut 'Sagrada Familian'?Antonio Gaudi
23%

Tulosjakauma

Persentiili vastausten määrän mukaan

Jokaisen tuloksen saaneiden osuus

Tuloshistoriasi

Et ole pelannut tätä visaa